| 000 | 00937nam a2200301 a 4500 | ||
|---|---|---|---|
| 001 | 1585460 | ||
| 003 | OSt | ||
| 005 | 20150421113548.0 | ||
| 008 | 930422s1992 ie b 001 0 eng | ||
| 010 | _a 93144634 | ||
| 020 | _a1854751697 | ||
| 040 |
_aDLC _cDLC |
||
| 043 | _ae-ie--- | ||
| 050 | 0 | 0 |
_aKDK1750 _b.C47 1992 |
| 082 | 0 | 0 |
_a345.026 SMI _220 |
| 100 | 1 |
_aSmith and Hogan. _9850 |
|
| 245 | 1 | 0 |
_aCriminal law cases & materials / _cby Smith and Hogan. |
| 250 | _a2nd ed.; | ||
| 260 |
_aLondon : _bButterworth, _c1980. |
||
| 300 |
_axxx, 701p. ; _c25 cm. |
||
| 504 | _aIncludes bibliographical references and index. | ||
| 650 | 0 |
_aCriminal law _zIreland. _9853 |
|
| 650 | 0 |
_aCriminal law _xCases. _9854 |
|
| 740 | 0 | _aCriminal law cases and materials. | |
| 906 |
_a7 _bcbc _corignew _d2 _encip _f19 _gy-gencatlg |
||
| 942 |
_2ddc _cBK |
||
| 999 |
_c283 _d283 |
||